000 00212nam a22000857a 4500
008 161212b xxu||||| |||| 00| 0 eng d
100 _91995
_aChauhan.A.
245 _aHome Science-XII
260 _aNew Delhi
_bL.P.L.
_c2010
999 _c4833
_d4833